AH International Schools' Libraries

(KHMER) Tey tey and the soap / (Record no. 49707)

MARC details
000 -LEADER
fixed length control field 00292nam a2200109 4500
020 ## - INTERNATIONAL STANDARD BOOK NUMBER
International Standard Book Number 9789924350279
100 ## - MAIN ENTRY--PERSONAL NAME
Personal name Kol, Seap
9 (RLIN) 86234
245 ## - TITLE STATEMENT
Title (KHMER) Tey tey and the soap /
Statement of responsibility, etc Seap Kol
260 ## - PUBLICATION, DISTRIBUTION, ETC. (IMPRINT)
Place of publication, distribution, etc Cambodia
Name of publisher, distributor, etc S.J. Metta Karuna
Date of publication, distribution, etc 2022
300 ## - PHYSICAL DESCRIPTION
Extent 30 p.
Other physical details col. ill.
Dimensions 22 cm.
942 ## - ADDED ENTRY ELEMENTS (KOHA)
Source of classification or shelving scheme
Koha item type Book
Holdings
Withdrawn status Lost status Source of classification or shelving scheme Damaged status Not for loan Collection code Home library Current library Shelving location Date acquired Total Checkouts Full call number Barcode Checked out Date last seen Date checked out Price effective from Koha item type
          Siem Riep Asian Hope Siem Reap Asian Hope Siem Reap SECONDARY 11/10/2025 1 KHMER E KOL 209414 05/07/2026 04/30/2026 04/30/2026 11/10/2025 Book

For any Logos Library related questions please contact Miss Art at swongnarasuk@asianhope.org.

For any Asian Hope Library related questions please contact Miss Raza at graza@asianhope.org.

Powered by Koha